000 01097nam a2200241Ia 4500
999 _c52458
_d52458
001 19481
003 GE_BSU
005 20200227171906.0
008 181216s1978||||ge |||||||||||||| ||geo||
040 _cGE_BSU
041 _ageo
080 _a81'37 რ-21
100 _aრამიშვილი, გურამ
_97409
245 _aენის ენერგეტული თეორიის საკითხები /
_cგურამ რამიშვილი ; რედ. ლ. ნაჭყებია.
264 _aთბილისი :
_bგანათლება,
_c1978.
300 _a230 გვ. ;
_c22 სმ.
504 _aლიტ. სია გვ. 103-106 ; 221-223. - სახელთა საძიებელი გვ. : 224-226. -
520 _aრეზიუმე რუსულ ენაზე
653 _aენათმეცნიერება
653 _aენის ენერგეტიკული თეორია
700 _aნაჭყებია, ლ.
_eრედაქტორი
_97410
942 _cBK
_2udc